ultimate spiderman-alternate spidermans - Statistics

General Stats
  • This quiz has been taken 63 times
  • The average score is 5 of 9
Answer Stats
Hint Answer % Correct
girl spidergirl
79%
gwen stacy spidergwen
79%
future SpiderMan 2099
77%
peter porker spiderham
74%
black and white SpiderMan Noir
64%
knight spider knight
38%
vampire hunter blood spider
17%
pirate web beard
13%
western webslinger
13%
No matching quizzes found
Score Distribution
Percent of People with Each Score
Percentile by Number Answered
Your Score History
You have not taken this quiz